| 000 | 01468cad a22002055a 4500 | ||
|---|---|---|---|
| 001 | L150383 | ||
| 008 | 100707e2010 xxk 000 0 eng d | ||
| 035 | _a(Sirsi) u150383 | ||
| 041 | 0 | _aeng | |
| 050 | _a333.72 $1 8 | ||
| 110 | 2 | _aEuropean Council for an Energy Efficient Economy | |
| 245 | 0 | 0 |
_aSteering through the maze no. 1 _byour eceee guide to the recast of the energy performance of buildings directive (EPBD) _h[electronic resource] |
| 260 |
_aStockholm _bECEEE _c2010 |
||
| 520 | _aThe EPBD is the main legal instrument in Europe for improving energy performance in buildings. It provides for a comprehensive and integrated approach towards improving the efficient use of energy in both new and existing buildings, residential as well as commercial. The EPBD's provisions cover energy needs for thermal insulation, space and hot water heating, cooling, ventilation and lighting. Most of the existing provisions apply to all buildings, regardless of their size and whether in residential or nonresidential use. This is a document that is regularly updated by eceee to reflect the status of the approval process of the recast of the Energy Performance of Buildings Directive (EPBD). | ||
| 590 | _aKA | ||
| 651 | 4 | _aEurope | |
| 690 | _aENVIRONMENTAL AND LAND CONSULTANCY-ENERGY-ENERGY USE-ENERGY EFFICIENCY | ||
| 856 | 4 | 8 |
_uhttps://www.eceee.org/buildings/Mazeguide1_EPBDrecastRev090310.pdf _zView the website free of charge at www.eceee.org |
| 942 | _n0 | ||
| 999 |
_c82489 _d82489 |
||